| 000 | 00918nam a2200253 a 4500 | ||
|---|---|---|---|
| 999 |
_c330979 _d330979 |
||
| 003 | BLK | ||
| 005 | 20250613112909.0 | ||
| 008 | 190513b bu |||||r|||| 00| 0 bu d | ||
| 020 | _a9786191864546 | ||
| 040 | _aBLK | ||
| 041 |
_aBUL _cBUL |
||
| 080 |
_aБългарска литература _b821.163.2 _x-311.6 _z821.163.2-311.6 |
||
| 100 |
_9251299 _aКарастоянов, Христо Тодоров _eпърви автор |
||
| 139 |
_aКарастоянов, Христо Тодоров _bК 36 |
||
| 245 |
_aЖивотът няма втора половина _bдругият дневник _cХристо Карастоянов |
||
| 260 |
_9209682 _aСофия _bЖанет 45 _c2018 |
||
| 300 |
_a304 с. _c20 см |
||
| 380 | _aX | ||
| 852 | _aЦб 294677 | ||
| 942 |
_cKNG _n0 _016 |
||
| 944 |
_aCR _c2019-05-13 _k30531 _lЦветелина Шанова |
||
| 999 | _d330979 | ||
| 999 | _d330979 | ||